What's in my playlist? - random songs - Statistics

General Stats
  • This quiz has been taken 18 times
  • The average score is 10 of 35
Answer Stats
Hint Answer % Correct
not like us kendrick lamar
64%
set fire to the rain adele
57%
lose control teddy swims
57%
redrum 21 savage
43%
girl on fire alicia keys
43%
lunch billie eilish
43%
this is america childish gambino
43%
too sweet hozier
43%
boyfriend justin bieber
43%
teeth 5 seconds of summer
36%
kiss you 1D
29%
count on me bruno mars
29%
babooshka kate bush
29%
ick lay bankz
29%
star shopping lil peep
29%
500lbs lil tecca
29%
please don't leave me pink
29%
taste sabrina carpenter
29%
vienna billy joel
21%
anpanman bts
21%
casual chappell roan
21%
la da dee cody simpson
21%
sugar were goin down fall out boy
21%
sailor song gigi perez
21%
she tyler the creator/frank ocean
21%
3 nights dominic fike
14%
love me like you mean it kelsea ballerini
14%
youre gonna go far noah kahan
14%
good old fashioned lover boy queen
14%
siren riize
14%
girls the kid laroi
14%
lets fall in love for the night finneas
7%
a million dreams greatest showman/hugh jackman
7%
stranded plumb
7%
do it like that tomorrow x together
7%
No matching quizzes found
Score Distribution
Percent of People with Each Score
Percentile by Number Answered
Your Score History
You have not taken this quiz